00263cam a22000977a 4500008004000000082001700040245001100057260006500068300000900133650002300142180718b1997 xxu||||| |||| 00| 0 eng d aA84x6761 Ug1 aUganda aKampalabMinistry of Tourism, Wildlife and Antiquitiesc1997 av.p. aUganda - Yearbooks